[Event "Madrid-chT 2021"]
[Site "Madrid"]
[Date "2021.04.11"]
[Round "7.1"]
[White "Montanes Arribas, Adrian"]
[Black "Ballester Llagaria, Luis Eduardo"]
[Result "0-1"]
[WhiteElo "2268"]
[BlackElo "2331"]
[PlyCount "36"]
[EventDate "2021.01.23"]
[EventType "team-tourn"]
[EventRounds "14"]
[EventCountry "ESP"]
[SourceTitle "EXT 2022"]
[Source "ChessBase"]
[SourceDate "2021.10.06"]
[SourceVersion "1"]
[SourceVersionDate "2021.10.06"]
[SourceQuality "1"]
[WhiteTeam "Vallecas CDV"]
[BlackTeam "Blanco y Negro"]
[WhiteTeamCountry "ESP"]
[BlackTeamCountry "ESP"]

1. d4 d5 2. c4 dxc4 3. e3 Nf6 4. Bxc4 e6 5. Nf3 a6 6. 0-0 b5 7. Bd3 Bb7 8. a4 b4 9. Nbd2 c5 10. e4 Nc6 11. e5 Nd7 12. Ne4 Nxd4 13. Nxd4 cxd4 14. Bf4 Rc8 15. Ng5 Nc5 16. Bxh7 Be7 17. Qh5 Bxg5 18. Bxg5 Rxh7 0-1

[Event "Madrid-chT 2021"]
[Site "Madrid"]
[Date "2021.03.28"]
[Round "6.1"]
[White "Elissalt Cardenas, Hector"]
[Black "Montanes Arribas, Adrian"]
[Result "1-0"]
[WhiteElo "2279"]
[BlackElo "2268"]
[PlyCount "51"]
[EventDate "2021.01.23"]
[EventType "team-tourn"]
[EventRounds "14"]
[EventCountry "ESP"]
[SourceTitle "EXT 2022"]
[Source "ChessBase"]
[SourceDate "2021.10.06"]
[SourceVersion "1"]
[SourceVersionDate "2021.10.06"]
[SourceQuality "1"]
[WhiteTeam "Tajamar"]
[BlackTeam "Vallecas CDV"]
[WhiteTeamCountry "ESP"]
[BlackTeamCountry "ESP"]

1. d4 Nf6 2. c4 Nc6 3. Nc3 e5 4. d5 Ne7 5. e4 Ng6 6. Be3 Bb4 7. f3 0-0 8. Nh3 d6 9. Nf2 Bc5 10. Bxc5 dxc5 11. Qd2 Ne8 12. g3 Nd6 13. h4 h6 14. 0-0-0 Qf6 15. Be2 Bd7 16. Rdf1 a6 17. Qe3 b6 18. h5 Ne7 19. f4 Rfe8 20. f5 Qg5 21. Qxg5 hxg5 22. Ng4 f6 23. h6 Nf7 24. Rh2 Nxh6 25. Rxh6 gxh6 26. Nxf6+ 1-0

[Event "Madrid-chT 2021"]
[Site "Madrid"]
[Date "2021.02.28"]
[Round "2.1"]
[White "Montanes Arribas, Adrian"]
[Black "Pulvett Marin, Daniel Eduardo"]
[Result "1/2-1/2"]
[WhiteElo "2268"]
[BlackElo "2487"]
[PlyCount "108"]
[EventDate "2021.01.23"]
[EventType "team-tourn"]
[EventRounds "14"]
[EventCountry "ESP"]
[SourceTitle "EXT 2022"]
[Source "ChessBase"]
[SourceDate "2021.10.06"]
[SourceVersion "1"]
[SourceVersionDate "2021.10.06"]
[SourceQuality "1"]
[WhiteTeam "Vallecas CDV"]
[BlackTeam "Collado Villalba"]
[WhiteTeamCountry "ESP"]
[BlackTeamCountry "ESP"]

1. d4 Nf6 2. c4 c5 3. d5 g6 4. Nc3 Bg7 5. Nf3 d6 6. g3 0-0 7. Bg2 Na6 8. 0-0 Nc7 9. Ne1 Bd7 10. a4 Na6 11. Nd3 Nb4 12. Nxb4 cxb4 13. Nb1 Rc8 14. Nd2 Ng4 15. Rb1 Ne5 16. b3 Bf5 17. e4 Bg4 18. f3 Bd7 19. Qe2 a6 20. h3 Qb6+ 21. Kh2 Qd4 22. Bb2 Qd3 23. Qf2 b5 24. Rfd1 Qc2 25. Rdc1 Nd3 26. Rxc2 Nxf2 27. Bxg7 Kxg7 28. axb5 axb5 29. Bf1 h5 30. Rbc1 g5 31. Nb1 bxc4 32. bxc4 Nd1 33. Rxd1 Ba4 34. Rdc1 Bxc2 35. Rxc2 Ra8 36. Rb2 Rfb8 37. Nd2 Ra3 38. c5 dxc5 39. Bc4 Rc3 40. Bb3 Ra8 41. Kg2 Kf6 42. Nc4 Ra1 43. e5+ Kg7 44. d6 exd6 45. exd6 Rd3 46. h4 gxh4 47. gxh4 Rc1 48. Rd2 Rxd2+ 49. Nxd2 Kf8 50. Kf2 Ke8 51. Ba4+ Kf8 52. Bb3 Rc3 53. Bc4 Ra3 54. Ke2 Rc3 1/2-1/2

[Event "Lorca op 7th"]
[Site "Lorca"]
[Date "2018.12.30"]
[Round "8"]
[White "Montanes Arribas, Adrian"]
[Black "Medarde Santiago, Luis Marcos"]
[Result "0-1"]
[WhiteElo "2242"]
[BlackElo "2386"]
[PlyCount "170"]
[EventDate "2018.12.26"]
[EventType "swiss"]
[EventRounds "9"]
[EventCountry "ESP"]
[SourceTitle "CBM 188 Extra"]
[Source "ChessBase"]
[SourceDate "2019.02.28"]
[SourceVersion "1"]
[SourceVersionDate "2019.02.28"]
[SourceQuality "1"]

1. d4 Nf6 2. c4 e6 3. g3 c5 4. d5 exd5 5. cxd5 d6 6. Nc3 g6 7. Bg2 Bg7 8. Nf3 0-0 9. 0-0 Re8 10. Re1 a6 11. a4 Nbd7 12. e4 Ng4 13. Nd2 Nge5 14. Qc2 Nf8 15. h3 c4 16. Re3 Qa5 17. Ra3 Qc5 18. Nd1 Bd7 19. a5 Rac8 20. Rec3 Qb4 21. Ne3 Bb5 22. Bf1 Nd3 23. Bxd3 cxd3 24. Qb3 Bxc3 25. bxc3 Qxb3 26. Rxb3 Nd7 27. Ba3 Nc5 28. Bxc5 Rxc5 29. c4 Ba4 30. Ra3 Bc2 31. g4 Rb8 32. g5 f6 33. gxf6 Rf8 34. e5 dxe5 35. Ne4 Rcc8 36. Kf1 d2 37. Nxd2 Bf5 38. Rb3 Bxh3+ 39. Ke1 Rc7 40. Ne4 Bf5 41. Nd6 Bc8 42. Rb6 h5 43. Ne4 h4 44. Kf1 Bf5 45. Ng5 Rd7 46. c5 Rc8 47. f7+ Kg7 48. c6 bxc6 49. dxc6 Rd6 50. c7 Rd7 51. Nxf5+ gxf5 52. Rxa6 h3 53. Kg1 Rdxc7 54. Ne6+ Kxf7 55. Nxc7 Rxc7 56. Rh6 Rc3 57. a6 Ra3 58. a7 Kg7 59. Rxh3 Rxa7 60. Rb3 Kf6 61. Kg2 Kg5 62. Rg3+ Kf6 63. Rb3 Rd7 64. Kf3 Kg5 65. Ke2 Ra7 66. Rb2 Ra4 67. Rc2 Rb4 68. Ra2 Kf4 69. Rc2 Re4+ 70. Kf1 Ra4 71. Ke2 Ra5 72. Rc4+ e4 73. Rc2 Ra3 74. Rb2 Kg4 75. Rb8 Ra2+ 76. Ke3 Ra3+ 77. Ke2 Ra2+ 78. Ke3 f4+ 79. Kxe4 Re2+ 80. Kd3 Rxf2 81. Rg8+ Kf3 82. Rb8 Re2 83. Rf8 Re7 84. Rf6 Rd7+ 85. Kc2 Ke3 0-1

[Event "Lorca op 7th"]
[Site "Lorca"]
[Date "2018.12.27"]
[Round "2"]
[White "Montanes Arribas, Adrian"]
[Black "Tejedor Fuente, Enrique"]
[Result "0-1"]
[WhiteElo "2242"]
[BlackElo "2428"]
[PlyCount "58"]
[EventDate "2018.12.26"]
[EventType "swiss"]
[EventRounds "9"]
[EventCountry "ESP"]
[SourceTitle "CBM 188 Extra"]
[Source "ChessBase"]
[SourceDate "2019.02.28"]
[SourceVersion "1"]
[SourceVersionDate "2019.02.28"]
[SourceQuality "1"]

1. d4 d5 2. Nf3 c6 3. Bf4 Nf6 4. e3 Qb6 5. b3 g6 6. Bd3 Bg7 7. h3 0-0 8. 0-0 c5 9. Nbd2 cxd4 10. exd4 Nc6 11. c3 Bf5 12. Bxf5 gxf5 13. Ne5 Rac8 14. Qf3 e6 15. g4 Ne4 16. Nd7 Qd8 17. Nxf8 Nxc3 18. Nxe6 fxe6 19. Qxc3 Nxd4 20. Qe3 Rc3 21. Qe1 Qh4 22. f3 Qxh3 23. Rf2 Rc6 24. Rc1 Kf7 25. Rxc6 bxc6 26. Be5 Nc2 27. Qf1 Qh6 28. Bxg7 Qxg7 29. Qh3 Ke7 0-1

[Event "Madrid-chT 1516"]
[Site "Madrid"]
[Date "2015.12.20"]
[Round "4.13"]
[White "Espinosa Aranda, Angel"]
[Black "Montanes Arribas, Adrian"]
[Result "1-0"]
[WhiteElo "2401"]
[BlackElo "2173"]
[PlyCount "43"]
[EventDate "2015.11.22"]
[EventType "team-tourn"]
[EventRounds "14"]
[EventCountry "ESP"]
[SourceTitle "EXT 2017"]
[Source "ChessBase"]
[SourceDate "2016.10.25"]
[SourceVersion "1"]
[SourceVersionDate "2016.10.25"]
[SourceQuality "1"]
[WhiteTeam "Virgen de Atocha"]
[BlackTeam "Vallecas CDV"]
[WhiteTeamCountry "ESP"]
[BlackTeamCountry "ESP"]

1. Nf3 d5 2. g3 Nf6 3. Bg2 Bf5 4. 0-0 e6 5. c4 c6 6. d3 h6 7. Nc3 Nbd7 8. cxd5 cxd5 9. e4 dxe4 10. dxe4 Nxe4 11. Nd4 Nxc3 12. bxc3 Nc5 13. Nxf5 Qxd1 14. Rxd1 exf5 15. Rb1 Ne4 16. Rxb7 Bc5 17. Bxe4 fxe4 18. Rd5 Be7 19. Re5 0-0-0 20. Rexe7 Rd1+ 21. Kg2 Rxc1 22. Rxa7 1-0

[Event "Madrid-chT 1516"]
[Site "Madrid"]
[Date "2015.11.22"]
[Round "1.23"]
[White "Montanes Arribas, Adrian"]
[Black "Longa Yauca, Javier"]
[Result "0-1"]
[WhiteElo "2173"]
[BlackElo "2232"]
[PlyCount "62"]
[EventDate "2015.11.22"]
[EventType "team-tourn"]
[EventRounds "14"]
[EventCountry "ESP"]
[SourceTitle "EXT 2017"]
[Source "ChessBase"]
[SourceDate "2016.10.25"]
[SourceVersion "1"]
[SourceVersionDate "2016.10.25"]
[SourceQuality "1"]
[WhiteTeam "Vallecas CDV"]
[BlackTeam "Villalba 64"]
[WhiteTeamCountry "ESP"]
[BlackTeamCountry "ESP"]

1. d4 Nf6 2. c4 e6 3. g3 d5 4. Nf3 Nbd7 5. Bg2 Be7 6. 0-0 0-0 7. Qc2 b6 8. Ne5 Bb7 9. cxd5 Nxd5 10. Nc6 Qe8 11. Bxd5 exd5 12. Nxe7+ Qxe7 13. Qxc7 Ba6 14. Nc3 Rfc8 15. Qf4 Nf6 16. Qf3 Qe6 17. Be3 Re8 18. Rfe1 h6 19. Kg2 Bc8 20. Rac1 Qh3+ 21. Kg1 Bg4 22. Qg2 Qh5 23. f3 Rxe3 24. fxg4 Qg5 25. Rf1 Rae8 26. Rf4 Nxg4 27. Qxd5 Nxh2 28. Qxf7+ Kh8 29. Kxh2 Qxg3+ 30. Kh1 Qh3+ 31. Kg1 R3e7 0-1

[Event "Madrid-chT 1314"]
[Site "Madrid"]
[Date "2014.01.19"]
[Round "6.32"]
[White "Moreno Ruiz, Javier"]
[Black "Montanes Arribas, Adrian"]
[Result "1/2-1/2"]
[WhiteElo "2470"]
[BlackElo "2220"]
[PlyCount "131"]
[EventDate "2013.11.16"]
[EventType "team-tourn"]
[EventRounds "14"]
[EventCountry "ESP"]
[SourceTitle "EXT 2015"]
[Source "ChessBase"]
[SourceDate "2014.11.20"]
[SourceVersion "1"]
[SourceVersionDate "2014.11.20"]
[SourceQuality "1"]
[WhiteTeam "Collado Villalba"]
[BlackTeam "Vallecas CDV"]
[WhiteTeamCountry "ESP"]
[BlackTeamCountry "ESP"]

1. d4 Nf6 2. c4 Nc6 3. Nf3 e6 4. Nc3 Bb4 5. Qc2 0-0 6. a3 Bxc3+ 7. Qxc3 a5 8. b3 d6 9. Bb2 Qe7 10. g3 Re8 11. Bg2 e5 12. dxe5 dxe5 13. 0-0 Bg4 14. Rfe1 h6 15. h3 Bf5 16. Rad1 Ne4 17. Qe3 Qc5 18. Qxc5 Nxc5 19. Rd5 Nxb3 20. Rb5 a4 21. Rxb7 e4 22. Nh4 Bh7 23. Rxc7 Nca5 24. g4 Rac8 25. Rxc8 Rxc8 26. Bc3 Nxc4 27. Bb4 Rd8 28. Nf5 Bxf5 29. gxf5 e3 30. Bc6 Nd4 31. Bxa4 Ra8 32. fxe3 Nxe3 33. Bd7 Rd8 34. Ba4 Ra8 35. Bd1 Ndxf5 36. Kf2 Nc4 37. Bc2 Nd4 38. Bd3 Ne5 39. Be4 Ra6 40. Rd1 Ndc6 41. Rd5 g6 42. Bc5 Ra4 43. Bg2 Nc4 44. Rd3 Ra5 45. Bb4 Nxb4 46. axb4 Rb5 47. Rd4 Rf5+ 48. Ke1 Ne3 49. Be4 Rf4 50. Kd2 Nf5 51. Rd8+ Kg7 52. Bxf5 Rxf5 53. Rd3 Rb5 54. Rb3 f5 55. Kc3 g5 56. Kc4 Re5 57. b5 Rxe2 58. b6 Re8 59. b7 Rb8 60. Kd5 g4 61. hxg4 fxg4 62. Ke4 Kf6 63. Rb6+ Ke7 64. Rxh6 Kd7 65. Rh7+ Kc6 66. Kf4 1/2-1/2

[Event "Madrid-chT 1314"]
[Site "Madrid"]
[Date "2013.11.24"]
[Round "2.43"]
[White "Montanes Arribas, Adrian"]
[Black "Bass, Leonid"]
[Result "1-0"]
[WhiteElo "2220"]
[BlackElo "2417"]
[PlyCount "93"]
[EventDate "2013.11.16"]
[EventType "team-tourn"]
[EventRounds "14"]
[EventCountry "ESP"]
[SourceTitle "EXT 2015"]
[Source "ChessBase"]
[SourceDate "2014.11.20"]
[SourceVersion "1"]
[SourceVersionDate "2014.11.20"]
[SourceQuality "1"]
[WhiteTeam "Vallecas CDV"]
[BlackTeam "La Casa del Ajedrez"]
[WhiteTeamCountry "ESP"]
[BlackTeamCountry "ESP"]

1. e4 d6 2. d4 Nf6 3. Nc3 e5 4. Nf3 Nbd7 5. Bc4 Be7 6. 0-0 0-0 7. Re1 c6 8. a4 h6 9. h3 Re8 10. Ba2 Qc7 11. Be3 Bf8 12. Qd2 a5 13. Rad1 Nb8 14. Nh4 Na6 15. Ng6 Nb4 16. Bb3 Be6 17. Bxe6 Rxe6 18. Nxf8 Rxf8 19. dxe5 dxe5 20. f3 b6 21. Ne2 c5 22. Nc3 Nc6 23. Nb5 Qb8 24. c3 Rd8 25. Qe2 Ree8 26. Rxd8 Rxd8 27. Rd1 Rxd1+ 28. Qxd1 Qd8 29. Qd6 Qxd6 30. Nxd6 Nd7 31. Kf2 Kf8 32. Ke2 Ke7 33. Nf5+ Kf6 34. Kd3 Ne7 35. Nd6 Ke6 36. Ne8 g5 37. Kc4 f6 38. Kb5 Nc8 39. Kc6 Ke7 40. Nc7 h5 41. Bd2 h4 42. b4 cxb4 43. cxb4 axb4 44. Bxb4+ Kd8 45. Ne6+ Ke8 46. Kc7 Ne7 47. Ng7+ 1-0

[Event "Madrid Oliver Gonzalez Memorial-A 3rd"]
[Site "Madrid"]
[Date "2012.09.08"]
[Round "8"]
[White "Montanes Arribas, Adrian"]
[Black "Meszaros, Tamas"]
[Result "0-1"]
[WhiteElo "2200"]
[BlackElo "2428"]
[PlyCount "70"]
[EventDate "2012.09.01"]
[EventType "swiss"]
[EventRounds "9"]
[EventCountry "ESP"]
[SourceTitle "CBM 150 Extra"]
[Source "ChessBase"]
[SourceDate "2012.10.19"]
[SourceVersion "1"]
[SourceVersionDate "2012.10.19"]
[SourceQuality "1"]

1. e4 c5 2. Nf3 e6 3. d4 cxd4 4. Nxd4 a6 5. Nc3 b5 6. Bd3 Qb6 7. Nf3 Nc6 8. 0-0 Qb8 9. a4 b4 10. Nb1 Nf6 11. Nbd2 d6 12. Nc4 Be7 13. Bf4 e5 14. Bg5 0-0 15. Ne3 h6 16. Bxf6 Bxf6 17. h3 Na5 18. Nd5 Bd8 19. Nd2 Be6 20. Ne3 Bg5 21. Ndc4 Nxc4 22. Nxc4 Qc7 23. Qe2 a5 24. b3 Rae8 25. Rad1 Qc5 26. Nb2 d5 27. exd5 Bxd5 28. Bc4 Ba8 29. Rd3 e4 30. Rd7 Rd8 31. Rfd1 Rxd7 32. Rxd7 Qe5 33. Bxf7+ Rxf7 34. Qc4 Qf5 35. Nd1 Qxd7 0-1

[Event "Collado Villalba op 28th"]
[Site "Collado Villalba"]
[Date "2011.08.30"]
[Round "8"]
[White "Montanes Arribas, Adrian"]
[Black "Lopez Heras, Arturo"]
[Result "1-0"]
[WhiteElo "2177"]
[BlackElo "1949"]
[PlyCount "81"]
[EventDate "2011.08.23"]
[EventType "swiss"]
[EventRounds "9"]
[EventCountry "ESP"]
[SourceTitle "CBM 144 Extra"]
[Source "ChessBase"]
[SourceDate "2011.10.28"]
[SourceVersion "1"]
[SourceVersionDate "2011.10.28"]
[SourceQuality "1"]

1. e4 e5 2. Nf3 Nc6 3. Bb5 f5 4. Nc3 fxe4 5. Nxe4 Nf6 6. Qe2 Qe7 7. 0-0 d5 8. Nxf6+ gxf6 9. d4 e4 10. Nh4 Bd7 11. Qh5+ Qf7 12. Qxf7+ Kxf7 13. c3 Bd6 14. f3 Rhg8 15. fxe4 Rg4 16. Nf5 Rxe4 17. Nxd6+ cxd6 18. Bd3 Rg4 19. Bxh7 Rh8 20. Bc2 Rhg8 21. g3 Ne7 22. Bd1 R4g7 23. Bh5+ Ng6 24. Bg5 f5 25. Rae1 Re8 26. Rxe8 Kxe8 27. Re1+ Kf7 28. Re7+ Kg8 29. Bxg6 Rxg6 30. Rxd7 Rxg5 31. Kf2 Rh5 32. h4 f4 33. Rxb7 fxg3+ 34. Kxg3 Rh6 35. Rxa7 Rg6+ 36. Kf4 Rf6+ 37. Kg5 Rf1 38. h5 Rf2 39. Rb7 Rg2+ 40. Kf6 Rf2+ 41. Ke6 1-0

[Event "Collado Villalba op 28th"]
[Site "Collado Villalba"]
[Date "2011.08.29"]
[Round "7"]
[White "Rodrigo Yanguas, Maria"]
[Black "Montanes Arribas, Adrian"]
[Result "1-0"]
[WhiteElo "2102"]
[BlackElo "2177"]
[PlyCount "59"]
[EventDate "2011.08.23"]
[EventType "swiss"]
[EventRounds "9"]
[EventCountry "ESP"]
[SourceTitle "CBM 144 Extra"]
[Source "ChessBase"]
[SourceDate "2011.10.28"]
[SourceVersion "1"]
[SourceVersionDate "2011.10.28"]
[SourceQuality "1"]

1. e4 e5 2. Nf3 Nc6 3. d4 exd4 4. Nxd4 Bc5 5. c3 Qf6 6. Be3 Nge7 7. Qd2 a6 8. f4 Bxd4 9. cxd4 d5 10. Nc3 0-0 11. 0-0-0 dxe4 12. d5 Rd8 13. Qe1 Nb4 14. Nxe4 Nxa2+ 15. Kb1 Qg6 16. Bc5 Bf5 17. Kxa2 Nxd5 18. Ng3 Qc6 19. Nxf5 Qxc5 20. Rd4 a5 21. Qe4 Nb4+ 22. Kb1 Re8 23. Rc4 Qb6 24. Qd4 Qg6 25. Bd3 Nxd3 26. Qxd3 Qxg2 27. Rd1 g6 28. Qd4 f6 29. Rxc7 Rac8 30. Qc4+ 1-0

[Event "ESP-ch U18"]
[Site "Padron"]
[Date "2011.07.28"]
[Round "6"]
[White "Martinez Ramirez, Erik"]
[Black "Montanes Arribas, Adrian"]
[Result "1-0"]
[WhiteElo "2257"]
[BlackElo "2177"]
[PlyCount "105"]
[EventDate "2011.07.25"]
[EventType "tourn"]
[EventRounds "9"]
[EventCountry "ESP"]
[SourceTitle "EXT 2012"]
[Source "ChessBase"]
[SourceDate "2011.11.24"]
[SourceVersion "1"]
[SourceVersionDate "2011.11.24"]
[SourceQuality "1"]

1. e4 c5 2. Nf3 d6 3. d4 cxd4 4. Nxd4 Nf6 5. Nc3 a6 6. f3 e5 7. Nb3 Be6 8. Be3 Be7 9. Qd2 0-0 10. 0-0-0 Nbd7 11. g4 b5 12. g5 b4 13. gxf6 bxc3 14. Qxc3 Nxf6 15. Na5 Rc8 16. Nc6 Qe8 17. Nxe7+ Qxe7 18. Qa5 Rc6 19. Rg1 Rfc8 20. Kb1 Ne8 21. Rd2 Qc7 22. Qxc7 Nxc7 23. c4 a5 24. b3 a4 25. Rb2 axb3 26. axb3 Rb8 27. Be2 Na6 28. Rd1 f5 29. Kc1 fxe4 30. fxe4 Nc5 31. Bxc5 dxc5 32. Rd3 Kf8 33. Rg3 h6 34. Ra2 Rc7 35. Ra6 Bg8 36. Bh5 Bh7 37. Re6 Bxe4 38. Rxe5 Bh7 39. Rge3 Rcc8 40. Re7 Kg8 41. Rg3 g5 42. h4 Ra8 43. Kb2 Rd8 44. Rg2 Kh8 45. hxg5 hxg5 46. Bf3 Re8 47. Rxh7+ Kxh7 48. Bxa8 Kg6 49. Bd5 Kf5 50. Ka3 Rb8 51. Bc6 Kf4 52. Rf2+ Ke5 53. Rd2 1-0

[Event "ESP-ch U18"]
[Site "Padron"]
[Date "2011.07.27"]
[Round "5"]
[White "Fernandez Garcia, Jose Miguel"]
[Black "Montanes Arribas, Adrian"]
[Result "1-0"]
[WhiteElo "2285"]
[BlackElo "2177"]
[PlyCount "51"]
[EventDate "2011.07.25"]
[EventType "tourn"]
[EventRounds "9"]
[EventCountry "ESP"]
[SourceTitle "EXT 2012"]
[Source "ChessBase"]
[SourceDate "2011.11.24"]
[SourceVersion "1"]
[SourceVersionDate "2011.11.24"]
[SourceQuality "1"]

1. d4 d5 2. Nf3 Nf6 3. c4 c6 4. Nc3 dxc4 5. g3 b5 6. Bg2 Bb7 7. 0-0 e6 8. e4 Nbd7 9. e5 Nd5 10. Ng5 Nxc3 11. Qh5 g6 12. Qf3 Ne2+ 13. Kh1 Qe7 14. Qxe2 h6 15. Ne4 Qd8 16. h4 Qc7 17. b3 cxb3 18. axb3 a6 19. h5 0-0-0 20. Bd2 b4 21. Rfc1 c5 22. Bxb4 cxb4 23. Nd6+ Bxd6 24. exd6 Bxg2+ 25. Kxg2 Qxc1 26. Qxa6+ 1-0

[Event "Mondariz op 8th"]
[Site "Mondariz"]
[Date "2011.04.18"]
[Round "3"]
[White "Pimienta Sanchez, Manuel"]
[Black "Montanes Arribas, Adrian"]
[Result "0-1"]
[WhiteElo "1877"]
[BlackElo "2160"]
[PlyCount "136"]
[EventDate "2011.04.16"]
[EventType "swiss"]
[EventRounds "8"]
[EventCountry "ESP"]
[SourceTitle "EXT 2012"]
[Source "ChessBase"]
[SourceDate "2011.11.24"]
[SourceVersion "1"]
[SourceVersionDate "2011.11.24"]
[SourceQuality "1"]

1. b3 d5 2. Bb2 Nf6 3. Nf3 Bf5 4. e3 e6 5. Be2 Bd6 6. 0-0 h6 7. Nd4 Bh7 8. Nb5 Be7 9. Be5 Na6 10. d4 c6 11. N5c3 Nb4 12. Bd3 Nxd3 13. cxd3 0-0 14. Qe2 Nd7 15. Nd2 Nxe5 16. dxe5 Qa5 17. Rac1 Ba3 18. Rc2 Bb4 19. Ncb1 Qb5 20. e4 dxe4 21. Nxe4 Qxe5 22. a3 Be7 23. f4 Qd4+ 24. Kh1 Rad8 25. Rd2 Qb6 26. b4 a5 27. Ng3 Bh4 28. Nh5 Bf5 29. Qe5 f6 30. Qxa5 Qxa5 31. bxa5 Bg6 32. Nxg7 Kxg7 33. g3 Bxg3 34. hxg3 Rxd3 35. Rxd3 Bxd3 36. Rc1 Ra8 37. Nd2 Rxa5 38. Rc3 Rd5 39. Kg1 Bb5 40. Ne4 b6 41. Nf2 h5 42. Re3 e5 43. fxe5 fxe5 44. Kg2 Kg6 45. Rf3 c5 46. Ne4 Bd3 47. Nc3 Rd4 48. Re3 e4 49. Kf2 Kf5 50. Re1 Bc2 51. Nb5 Rd2+ 52. Ke3 Rd3+ 53. Kf2 Rf3+ 54. Kg2 Kg4 55. Nd6 Rxg3+ 56. Kh2 Rxa3 57. Nc4 Ra2 58. Rg1+ Kf3 59. Rf1+ Ke2 60. Kg1 e3 61. Ne5 Ra8 62. Rf4 Rg8+ 63. Kh2 Rg5 64. Nf3 Rf5 65. Ng1+ Kd1 66. Rc4 e2 67. Nf3 Rxf3 68. Rxc2 Kxc2 0-1